000 00500nam a2200181Ia 4500
008 230917s9999||||xx |||||||||||||| ||und||
020 _cGBP42.99
040 _e258641
_aMAIN
041 _aEnglish
082 _a394.2 G335E(4)
100 _aGetz, Donald
245 0 _aEvents studies: Theory, research and policy for planned events
250 _a4th ed.
260 _aOxon
_bRoutledge
_c2020
300 _axii, 558 p.
500 _a3685 22/10/2019 HBD19/8059 09/12/2019 Main Budget
942 _cBK
999 _c33452
_d33452